| 000 | 00417nam a2200181Ia 4500 | ||
|---|---|---|---|
| 008 | 230125s9999 xx 000 0 und d | ||
| 020 | _a9780670921607 | ||
| 041 | _aeng | ||
| 082 |
_a658.421 _bRIE |
||
| 100 |
_aRies E _9118172 |
||
| 245 | _aThe Lean Startup | ||
| 250 | _a1st Ed. | ||
| 260 |
_c2011 _bPortfolio Books _aIndia |
||
| 300 | _a320p | ||
| 700 |
_aRies E _9118172 |
||
| 906 | _b195.72 | ||
| 999 |
_c96177 _d96177 |
||